ਤੁਹਾਡੀ ਅੰਸ ਤੇ ਵੰਸ (Record no. 390480)

MARC details
000 -LEADER
fixed length control field 00711nam a22002417a 4500
003 - CONTROL NUMBER IDENTIFIER
control field OSt
005 - DATE AND TIME OF LATEST TRANSACTION
control field 20220924113706.0
008 - FIXED-LENGTH DATA ELEMENTS--GENERAL INFORMATION
fixed length control field Pun
037 ## - SOURCE OF ACQUISITION
Terms of availability General Books
040 ## - CATALOGING SOURCE
Original cataloging agency ARTS
Transcribing agency ARTS
Language of cataloging Pun
041 ## - LANGUAGE CODE
Source of code Pun
Language code of text/sound track or separate title Pun
100 ## - MAIN ENTRY--PERSONAL NAME
Personal name ਮਾਨ, ਅਰਜਨ ਸਿੰਘ
9 (RLIN) 170399
245 #0 - TITLE STATEMENT
Title ਤੁਹਾਡੀ ਅੰਸ ਤੇ ਵੰਸ
260 ## - PUBLICATION, DISTRIBUTION, ETC.
Place of publication, distribution, etc. Fਿਲਾਜ਼ਗ
Name of publisher, distributor, etc. ਅਰਜਨ ਸਿੰਘ ਮਾਨ
Date of publication, distribution, etc. 1952
300 ## - PHYSICAL DESCRIPTION
Extent 338ਪੰ
650 ## - SUBJECT ADDED ENTRY--TOPICAL TERM
Topical term or geographic name entry element ਜੀਵ ਵਿਿਗਆਨ
9 (RLIN) 170400
942 ## - ADDED ENTRY ELEMENTS (KOHA)
Classification part G:6, 153J2
Koha item type General Books
Source of classification or shelving scheme Colon Classification (CC)
Holdings
Withdrawn status Lost status Damaged status Not for loan Home library Current library Date acquired Total Checkouts Full call number Barcode Date last seen Price effective from Koha item type
        Arts Library Arts Library 2022-09-24   G:6 153J2 AL0142244 2022-09-24 2022-09-24 General Books
Copyright @ Delhi University Library System